00362cam a22001217a 4500008003800000082001200038100002800050245007900078260005200157300001000209500001300219650000800232180718bnd xxu||||| |||| 00| 0 eng d aD4 L965 aLudra, Thakur Kuldip S. aUnderstanding war: its implications and effectscby Thakur Kuldip S. Ludra aChandigarhbLT. Col. Thakur Kuldip S. Ludracnd a420p. aRs600.00 aWar